000 01309cab a2200181 4500
001 L129242
008 050404n2005 000 0 eng u
035 _a(Sirsi) u129242
041 _aeng
100 _aDonnelly, Clare
245 _aChallenges, choices and decisions
260 _c2005
490 _aWastes Management
_vMarch 2005, 42-43(2)
520 _aDescribes the innovative, capital-wide "Waste Modelling for London Project", a collaboration between the Greater London Authority, the Association of London Government and other partners to be completed by October 2005. It will give London local authorities a statutory, fixed and long-term waste management framework with the message that waste management must become plan driven. The project uses Purgamentum, Mouchel Parkman's bottom-up approach working with all 37 London waste authorities to analyse systematically the logistics and costs of achieving the recycling targets proposed in the Mayor's Municipal Waste Management Strategy and the diversion levels required by the Landfill Directive. A second project phase led by Cranfield will provide a strategic appraisal of the technological options and proposed waste processes. Graphs.
590 _aIKA150405
690 _aENVIRONMENTAL AND LAND CONSULTANCY-WASTE MANAGEMENT
942 _n0
999 _c75013
_d75013